01825cam a22003974i 4500003000900000005001700009008004100026035002000067040003300087100004300120245012800163264001000291300002100301336002100322337002500343338002300368502005800391504002400449520071900473526001001192526001001202526000901212526000901221526000901230526000901239526000901248526000901257526000901266526000801275526000801283526000801291526000801299526000801307650006501315650004701380PE-LiUPU20250731165401.0150928s2010 pe grm 000 0 spa d a(Sirsi) a154654 aPE-LiUPUbspacPE-LiUPUerda1 aPacheco Ramirez, Martha Soledadeautor1 aPerfil de la maestra en la producción literaria, opinión y vida de Gabriela Mistral /cMartha Soledad Pacheco Ramíez. 0c2010. a90 hojas c30 cm atext2rdacontent aunmediated2rdamedia avolume2rdacarrier aTesisb(Mg.) -- cUniversidad Peruana Unión,d2010. aIncluye referencias3 aEl estudio se circunscribe a atender el objetivo sustantivo: construir y analizar el perfil de la maestra en Gabriela Mistral, a partir de los diversos discursos poéticos, educativos y culturales. También hemos considerado importante prestar atención a tres objetivos complementarios: construir el itinerario vital de la maestra y poetisa chilena, Gabriela Mistral, a partir de los textos suyos y de los textos críticos diversos; construir el itinerario literario de la poetisa chilena, Gabriela Mistral, en el contexto del proceso de la poesía hispanoamericana y latinoamericana; analizar los contextos sociales, culturales y literarios sobre la poetisa Gabriela Mistral y el premio nobel de literatura. aSEG44 aSEG26 aP151 aP150 aP149 aP146 aP145 aP126 aP125 aP92 aP75 aP74 aP27 aP1504aProfesoras de enseñanza primariaxGabriela MistralvTesis.04aProfesoras de enseñanza primariavTesis.